000 00432nam a2200181Ia 4500
001 25009
005 20260414151121.0
008 260414t2002||||xx |||||||||||||| ||spa||
041 _aESP
082 _a346.1
_bD59
100 _aColin, Ambroise
_eAUT
245 0 _aDerecho civil :
_bBienes, patrimonio y derechos reales
260 _c2002
300 _a
_c28 cm.
650 _aDER
654 _aCDE
942 _cLIB
_dJUS
_fJUS
_2ddc
_n
999 _c25009
_d25009